5HLuxD.jpg

KING HENRY VIII SENIOR AND PRIMARY SCHOOL LIBRARY OPAC

International Science : (Record no. 4238)

000 -LEADER
fixed length control field 01126nam a22002057a 4500
003 - CONTROL NUMBER IDENTIFIER
control field OSt
005 - DATE AND TIME OF LATEST TRANSACTION
control field 20250203100954.0
008 - FIXED-LENGTH DATA ELEMENTS--GENERAL INFORMATION
fixed length control field 250203b ||||| |||| 00| 0 eng d
020 ## - INTERNATIONAL STANDARD BOOK NUMBER
International Standard Book Number 9780340966020
040 ## - CATALOGING SOURCE
Transcribing agency KH8
082 ## - DEWEY DECIMAL CLASSIFICATION NUMBER
Classification number 500 MOR
100 ## - MAIN ENTRY--PERSONAL NAME
Personal name Morrison, Karen,
Relator term author.
245 ## - TITLE STATEMENT
Title International Science :
Remainder of title Coursebook 3 /
Statement of responsibility, etc. Karen Morrison.
260 ## - PUBLICATION, DISTRIBUTION, ETC.
Place of publication, distribution, etc. UK ;
Name of publisher, distributor, etc. Hodder & Stoughton,
Date of publication, distribution, etc. 2015.
300 ## - PHYSICAL DESCRIPTION
Extent 141 pages :
Other physical details color illustrations ;
Dimensions 28 cm.
520 ## - SUMMARY, ETC.
Summary, etc. International Science is a new series offering a comprehensive programme for teaching Lower Secondary Science. Specially designed for pupils for whom English is a second language, the course is carefully structured to boost pupils' abilities and confidence in the subject. The material is tailored to suit global market requirements, and subject content and language learning are supported equally.<br/>To complement the Coursebook, this Workbook provides extra practice and homework activities to help reinforce the material taught within each lesson.
650 ## - SUBJECT ADDED ENTRY--TOPICAL TERM
Topical term or geographic name entry element Science
Form subdivision Coursebook
650 ## - SUBJECT ADDED ENTRY--TOPICAL TERM
Topical term or geographic name entry element Science
Form subdivision explanation & discussion
942 ## - ADDED ENTRY ELEMENTS (KOHA)
Source of classification or shelving scheme
Koha item type Books - Non Ficton
Holdings
Withdrawn status Lost status Source of classification or shelving scheme Damaged status Not for loan Collection code Permanent Location Current Location Shelving location Date acquired Full call number Barcode Date last seen Price effective from Koha item type
          Non-Fiction KH8 Senior School Library KH8 Senior School Library Non Fiction 2025-02-03 500 MOR 3KHSL000102155 2025-02-03 2025-02-03 Books - Non Ficton

Powered By KH8 IT Dept